Statistics for NBA's Greatest Rebounders

Click here to take the quiz!

General Stats

  • This quiz has been taken 27 times
  • The average score is 12 of 27

Answer Stats

HintAnswer% Correct
6 seasons over 15 rebounds/game ranging from 15.01-18.66Dennis Rodman
96%
13 seasons over 15 rebounds/game ranging from 18.6-24.74Bill Russell
92%
13 seasons over 15 rebounds/game ranging from 18.21-27.2Wilt Chamberlain
92%
1 season with over 15 rebounds/ game 15.71Truck Robinson
77%
4 seasons over 15 rebounds/game ranging from 15.99-16.87Kareem Abdul Jabbar
73%
1 season with over 15 rebounds/ game 15.42Ben Wallace
65%
3 seasons over 15 rebounds/game ranging from 15.02-17.61Moses Malone
65%
8 seasons over 15 rebounds/ game ranging from 15.08-20.26Bob Pettit
62%
4 seasons over 15 rebounds/game ranging from 16.61-18.06Elvin Hayes
54%
6 seasons over 15 rebounds/game ranging from 16.05-21.26Nate Thurmond
54%
5 seasons over 15 rebounds/game ranging from 15.68-18.18Wes Unseld
54%
3 seasons over 15 rebounds/game ranging from 15.00-19.82Elgin Baylor
46%
3 seasons over 15 rebounds/game ranging from 15.16-15.99Andre Drummond
42%
1 season with over 15 rebounds/ game 15.09Bob McAdoo
42%
1 season with over 15 rebounds/ game 16.36Dolph Schayes
42%
5 seasons over 15 rebounds/game ranging from 15.01-16.21Dave Cowens
38%
1 season with over 15 rebounds/ game 15.21DeAndre Jordan
35%
1 season with over 15 rebounds/ game 15.23Kevin Love
27%
1 season with over 15 rebounds/ game 15.18Elmore Smith
23%
7 seasons over 15 rebounds/game ranging from 15.81-21.11Jerry Lucas
19%
1 season with over 15 rebounds/ game 15.53Kevin Willis
19%
4 seasons over 15 rebounds/game ranging from 15.68-18.99Walt Bellamy
19%
2 seasons over 15 rebounds/game ranging from 15.04-15.06Bill Bridges
12%
1 season with over 15 rebounds/ game 15.07Neil Johnston
8%
3 seasons over 15 rebounds/game ranging from 16.33-18.13Maurice Stokes
4%
1 season with over 15 rebounds/ game 15.01Swen Nater
4%
1 season with over 15 rebounds/ game 15.25Harry Gallatin
0%

Score Distribution

Percentile by Number Answered

Percent of People with Each Score

Your Score History

You have not taken this quiz